Innovation Drivers and Regional Innovation Strategies
Salvato in:
| Altri autori: | , , |
|---|---|
| Natura: | Libro |
| Lingua: | inglese |
| Pubblicazione: |
New York
Routledge
2016
|
| Edizione: | 1st Edition |
| Soggetti: | |
| Tags: |
Nessun Tag, puoi essere il primo ad aggiungerne!!
|
MARC
| LEADER | 00000nam a2200000 4500 | ||
|---|---|---|---|
| 001 | 0296267 | ||
| 005 | 20240416113610.2 | ||
| 020 | |a 978-1-138-61720-9 | ||
| 020 | |a 978-1-138-94532-6 | ||
| 041 | 0 | |a eng | |
| 044 | |a US | ||
| 245 | 1 | 0 | |a Innovation Drivers and Regional Innovation Strategies |c edited by Mario Davide Parrilli, Rune Dahl Fitjar and Andrés Rodríguez-Pose |
| 250 | |a 1st Edition | ||
| 264 | 1 | |a New York |b Routledge |c 2016 | |
| 300 | |a 223 s. | ||
| 610 | 2 | 0 | |a rozvoj regionálny |
| 610 | 2 | 0 | |a plánovanie regionálne |
| 610 | 2 | 0 | |a hospodárstvo regionálne |
| 610 | 2 | 0 | |a inovácie technologické |
| 610 | 2 | 0 | |a systémy inovačné |
| 610 | 2 | 0 | |a rozvoj hospodársky |
| 610 | 2 | 0 | |a Európska únia |
| 700 | 1 | |a Parrilli, Mario Davide | |
| 700 | 1 | |a Dahl Fitjar, Rune | |
| 700 | 1 | |a Rodríguez-Pose, Andrés | |